| 000 | 00573cam a2200193 4500500 | ||
|---|---|---|---|
| 005 | 20260329001402.0 | ||
| 041 | _afre | ||
| 042 | _adc | ||
| 100 | 1 | 0 |
_aEltchaninoff, Michel _eauthor |
| 245 | 0 | 0 | _aBienvenue dans l’ère post-humaine |
| 260 | _c2006. | ||
| 500 | _a28 | ||
| 690 | _aBiotechnologies | ||
| 690 | _aHumanisme | ||
| 690 | _aScience | ||
| 690 | _aVivant | ||
| 786 | 0 | _nPhilosophie magazine | 5 | 12 | 2006-12-01 | p. 9-10 | 1951-1787 | |
| 856 | 4 | 1 | _uhttps://shs.cairn.info/magazine-philosophie-magazine-2006-12-page-9?lang=fr&redirect-ssocas=7080 |
| 999 |
_c1804892 _d1804892 |
||